00355nam a2200145Ia 4500008004100000020001500041040001900056041001200075082002500087245001700112260003000129300002400159650000800183850001800191131103s9999 xx 000 0 und d a1855015978 aLoreto College aEnglish aREF/WILbLCBED/13926 aPaper crafts aLondonbTiger Booksc1995 a60p.b pic.c 26cm. aREF aLCBED/REF/WIL